Loading...
| Literature - British | 2 | 2 | 0 | 0 | 50 | 55 | 86.50 | 3 | 4 | 0.00 | 0.00 |
| Social Science | 2 | 1 | 0 | 0 | 40 | 59 | 77.67 | 3 | 3 | 0.00 | 0.00 |
| Other Academic | 1 | 2 | 0 | 1 | 35 | 43 | 93.67 | 0 | 3 | 0.00 | 0.00 |
| Literature - American | 0 | 3 | 0 | 0 | 30 | 113 | 124.00 | 1 | 1 | 0.00 | 0.00 |
| Fine Arts - Other | 1 | 1 | 1 | 0 | 20 | 74 | 88.50 | 2 | 2 | 0.00 | 0.00 |
| Modern World | 0 | 2 | 0 | 0 | 20 | 74 | 98.50 | 1 | 2 | 0.00 | 0.00 |
| Fine Arts - Visual | 1 | 1 | 1 | 0 | 20 | 80 | 92.00 | 0 | 1 | 0.00 | 0.00 |
| History - World | 1 | 0 | 0 | 0 | 15 | 75 | 75.00 | 1 | 1 | 0.00 | 0.00 |
| Philosophy | 1 | 0 | 0 | 0 | 15 | 73 | 73.00 | 0 | 1 | 0.00 | 0.00 |
| Geography | 0 | 1 | 0 | 1 | 10 | 136 | 136.00 | 0 | 0 | 0.00 | 0.00 |
| History - Other | 0 | 1 | 0 | 0 | 10 | 83 | 83.00 | 0 | 0 | 0.00 | 0.00 |
| Fine Arts - Classical Music and Opera | 0 | 1 | 0 | 0 | 10 | 129 | 129.00 | 0 | 0 | 0.00 | 0.00 |
| Beliefs | 0 | 1 | 1 | 0 | 5 | 121 | 121.00 | 0 | 1 | 0.00 | 0.00 |
| Literature - World | 0 | 0 | 1 | 0 | -5 | 0.00 | 0 | 0 | 0.00 | 0.00 |